| 000 | 00378nam a2200157Ia 4500 | ||
|---|---|---|---|
| 008 | 230312s9999||||xx |||||||||||||| ||und|| | ||
| 020 | _a053455783X | ||
| 082 |
_a659.132 _bJEW-C |
||
| 100 | _aJewler, A. Jerome | ||
| 245 | 0 | _aCreative Strategy in Advertising | |
| 260 | _bWadsworth Thomson Learning | ||
| 300 | _a312 | ||
| 546 | _aEng. | ||
| 650 | _aEngineering | ||
| 942 | _cBK | ||
| 999 |
_c6039 _d6039 |
||